000 00290nam a22001337a 4500
082 _a894.812.3
_bKAL/A
100 _aKALIDASAN
245 _aABHINJANA SAKUNTHALAM
260 _aKOZHIKODE
_bMARAR SAHITHYA PRAKASAM
_c2003
300 _a240
520 _aNOVEL
650 _aNOVEL
942 _cBK
999 _c4991
_d4991